| 000 | 00777nam a2200253 i 4500 | ||
|---|---|---|---|
| 001 | 82179 | ||
| 003 | ES-MaACL | ||
| 005 | 20250905133305.0 | ||
| 007 | t| | ||
| 008 | 041129s1997 sp ||||1| spa d | ||
| 020 | _a84-339-1233-X | ||
| 080 | _a821.111(73)-31"19" | ||
| 100 | 0 |
_aWolfe, Tom, _d1931- _9117247 |
|
| 245 | 1 | 0 |
_aLo que hay que tener / _cTom Wolfe ; traducción de J.M. Alvarez-Flórez y Angela Pérez. |
| 250 | _a3ª ed. | ||
| 260 |
_aBarcelona : _bAnagrama, _c1997. |
||
| 300 |
_a353 p. ; _c20 cm. |
||
| 490 | 1 |
_aContraseñas ; _v33 |
|
| 700 | 1 |
_aÁlvarez Flórez, José Manuel. _920809 |
|
| 700 | 1 |
_aPérez Gómez, Ángela _990555 |
|
| 830 | 0 |
_aContraseñas ; _v33 _9179727 |
|
| 852 |
_aES-MaACL _jL-28531 _bR.134247 |
||
| 999 |
_c82179 _d82179 |
||